000 00631nam a2200241Ia 4500
003 OSt
005 20220918174042.0
006 a|||||r|||| 00| 0
007 ta
008 220917b |||||||| |||| 00| 0 eng d
024 _a10,203
037 _cTextual
040 _aARTS
_cARTS
_beng
041 _2eng
_aeng
082 _aQ7:33, K8
100 _aPike E Royston
_948920
245 0 _aMohammed
_b Prophet of the religion of Islam
260 _c1968
490 _aPathfinder biographies ed by royston Pike
650 _aISLAM
_9577
942 _hQ7:33, K8
_cTEXL
_2CC
999 _c151577
_d151577